Sports Quiz

Random Sports Quiz

Winning Goalscorers - FA Cup Quiz Stats

 Plays Quiz not verified by Sporcle

Challenge
Share
Tweet
Embed
Score 0/23 Timer 04:00
0 Plays Today
Year Player % Correct
2010Didier Drogba
96%
2012Didier Drogba
96%
2007Didier Drogba
96%
2001Michael Owen
90%
2008Nwankwo Kanu
90%
2014Aaron Ramsey
85%
1996Eric Cantona
84%
2011Yaya Toure
83%
2003Robert Pires
82%
2009Frank Lampard
82%
1999Paul Scholes
81%
2000Roberto Di Matteo
80%
Year Player % Correct
2013Ben Watson
75%
2004Ruud van Nistelrooy
74%
2002Freddie Ljungberg
73%
1998Nicolas Anelka
72%
1992Ian Rush
71%
1995Paul Rideout
58%
1991Des Walker
54%
1994Brian McClair
51%
1993Andy Linighan
45%
1990Lee Martin
44%
1997Eddie Newton
43%

You're not logged in!

Compare scores with friends on all Sporcle quizzes.
OR
Log In

You Might Also Like...

Show Comments

Extras

Top Quizzes Today


Score Distribution

Your Account Isn't Verified!

In order to create a playlist on Sporcle, you need to verify the email address you used during registration. Go to your Sporcle Settings to finish the process.

Report this User

Report this user for behavior that violates our Community Guidelines.

Details: